Heidegger and Aristotle : philosophy as praxis /

Bibliographic Details
Main Author: Bowler, Michael J. (Michael Joseph)
Format: Book
Language:English
Published: London ; New York : Continuum, 2008.
Series:Continuum studies in continental philosophy.
Subjects:

MARC

Tag First Indicator Second Indicator Subfields
LEADER 00000cam a22000004a 4500
001 in00002394893
005 20201219063111.0
008 070904s2008 enk b 001 0 eng
010 |a  2007036702 
015 |a GBA819987  |2 bnb 
016 7 |a 014524762  |2 Uk 
020 |a 9780826498465 (HB) 
020 |a 0826498469 (HB) 
029 1 |a AU@  |b 000042196923 
035 |a (OCoLC)ocn171151518 
035 |a (OCoLC)171151518 
040 |a DLC  |c DLC  |d BAKER  |d BTCTA  |d YDXCP  |d UKM  |d BWKUK  |d BWX  |d UtOrBLW 
049 |a TXAM 
050 0 0 |a B3279.H49  |b B6844 2008 
082 0 0 |a 193  |2 22 
100 1 |a Bowler, Michael J.  |q (Michael Joseph) 
245 1 0 |a Heidegger and Aristotle :  |b philosophy as praxis /  |c Michael Bowler. 
264 1 |a London ;  |a New York :  |b Continuum,  |c 2008. 
300 |a 171 pages ;  |c 24 cm. 
336 |a text  |b txt  |2 rdacontent 
337 |a unmediated  |b n  |2 rdamedia 
338 |a volume  |b nc  |2 rdacarrier 
490 1 |a Continuum studies in Continental philosophy 
504 |a Includes bibliographical references (pages [138]-165) and index. 
505 0 |a Rickert, value philosophy and the primacy of practical reason -- Husserl, phenomenology and lived-experience -- Heideggerian reflections on Paul Natorp -- Dilthey on life, lived-experience and worldview philosophy -- Toward a fundamental ontology -- Philosophy as praxix. 
600 1 0 |a Heidegger, Martin,  |d 1889-1976. 
600 0 0 |a Aristotle. 
650 0 |a Philosophy. 
830 0 |a Continuum studies in continental philosophy. 
938 |a Baker & Taylor  |b BKTY  |c 130.00  |d 130.00  |i 0826498469  |n 0007536327  |s active 
938 |a Baker and Taylor  |b BTCP  |n BK0007536327 
938 |a YBP Library Services  |b YANK  |n 2751998 
938 |a Blackwell Book Service  |b BBUS  |n R3712027  |c $130.00 
945 |a PromptCat  |b 436945 
946 |a stk 
947 |a A14836801732 
994 |a 92  |b TXA 
948 |a cataloged  |b h  |c 2008/6/18  |d c  |e asalazar  |f 2:07:07 pm 
999 |a MARS 
999 f f |s f1d0b2b7-e15f-32fc-bc37-2ad2a1af1744  |i 6c55407d-e33f-32c7-b1f5-bb7eb0f3a1a1  |t 0 
952 f f |p normal  |a Texas A&M University  |b College Station  |c Sterling C. Evans Library  |d Evans: Library Stacks  |t 0  |e B3279.H49 B6844 2008  |h Library of Congress classification  |i unmediated -- volume  |m A14836801732 
998 f f |a B3279.H49 B6844 2008  |t 0  |l Evans: Library Stacks